Т. 3: Дифференциальные уравнения. Кратные интегралы. Ряды. Функции комплексного переменного; Высшая математика

التفاصيل البيبلوغرافية
Parent link:Высшая математика: учебник: в 3 т./ Я. С. Бугров, С. М. Никольский. Т. 3: Дифференциальные уравнения. Кратные интегралы. Ряды. Функции комплексного переменного.— , 2003
الملخص:Учебник (1-е изд. — 1980 г.) вместе с другими учебниками тех же авторов — «Элементы линейной алгебры и аналитической геометрии» (том 1) и «Дифференциальное и интегральное исчисление» (том 2) — соответствует требованиям Государственного образовательного стандарта высшего профессионального образования. Книга содержит: обыкновенные дифференциальные уравнения, кратные интегралы, векторный анализ, ряды и интеграл Фурье, простейшие задачи из теории уравнений математической физики, функции комплексного переменного, элементы операционного исчисления. Для студентов инженерно-технических специальностей вузов.
اللغة:الروسية
منشور في: 2003
الطبعة:5-е изд., стер.
الموضوعات:
التنسيق: MixedMaterials كتاب
KOHA link:https://koha.lib.tpu.ru/cgi-bin/koha/opac-detail.pl?biblionumber=111216

MARC

LEADER 00000nam2a2200000 4500
001 111216
005 20231031120742.0
010 |a 5710765562 
010 |a 5-7107-6557-0 
035 |a (RuTPU)RU\TPU\book\120111 
090 |a 111216 
100 |a 20070312d2003 m y0rusy50 ca 
101 0 |a rus 
102 |a RU 
105 |a a j 001zy 
200 0 |a Т. 3: Дифференциальные уравнения. Кратные интегралы. Ряды. Функции комплексного переменного 
205 |a 5-е изд., стер. 
210 |d 2003 
215 |a 512 с.  |c ил. 
320 |a Предметный указатель: с. 506-511. 
330 |a Учебник (1-е изд. — 1980 г.) вместе с другими учебниками тех же авторов — «Элементы линейной алгебры и аналитической геометрии» (том 1) и «Дифференциальное и интегральное исчисление» (том 2) — соответствует требованиям Государственного образовательного стандарта высшего профессионального образования. Книга содержит: обыкновенные дифференциальные уравнения, кратные интегралы, векторный анализ, ряды и интеграл Фурье, простейшие задачи из теории уравнений математической физики, функции комплексного переменного, элементы операционного исчисления. Для студентов инженерно-технических специальностей вузов. 
451 1 |0 (RuTPU)RU\TPU\book\123706  |y 5-7107-9898-3  |t Т. 3: Дифференциальные уравнения. Кратные интегралы. Ряды. Функции комплексного переменного  |e 4-е изд., улучшен.  |d 2005  |p 511 с.  |a Бугров, Яков Семенович 
451 1 |0 (RuTPU)RU\TPU\book\6851  |y 5-222-00215-2  |t Дифференциальные уравнения. Кратные интегралы. Ряды. Функции комплексного переменного  |o учебник  |f Я. С. Бугров, С. М. Никольский  |c Ростов-на-Дону  |n Феникс  |d 1997  |p 512 с.  |s Высшая математика 
461 1 |0 (RuTPU)RU\TPU\book\120444  |t Высшая математика  |o учебник: в 3 т.  |f Я. С. Бугров, С. М. Никольский  |v Т. 3: Дифференциальные уравнения. Кратные интегралы. Ряды. Функции комплексного переменного  |d 2003  |s Высшее образование: Современный учебник 
610 1 |a высшая математика 
610 1 |a дифференциальные уравнения 
610 1 |a кратные интегралы 
610 1 |a ряды 
610 1 |a функции комплексного переменного 
610 1 |a векторный анализ 
610 1 |a ряды Фурье 
610 1 |a интеграл Фурье 
610 1 |a математическая физика 
610 1 |a уравнения 
610 1 |a операционное исчисление 
610 1 |a обобщенные функции 
675 |a 51(075.8)  |v 3 
801 1 |a RU  |b 63413507  |c 20070312  |g PSBO 
801 2 |a RU  |b 63413507  |c 20201127  |g PSBO 
942 |c BK